Niemieckie nazwy miast woj. dolnośląskiego - Statystyki

Ogólne statystyki
  • Ten quiz został rozwiązany 46 razy
  • Średni wynik to 12 z 51
Statystyki odpowiedzi
Hint Odpowiedź % Poprawnych
Wrocław Breslau
97%
Wałbrzych Waldenburg
68%
Legnica Liegnitz
62%
Głogów Glogau
59%
Zgorzelec Gorlitz
50%
Lubin Luben
50%
Kłodzko Glatz
44%
Jelenia Góra Hirschberg
44%
Ząbkowice Śląskie Frankenstein
38%
Bolesławiec Bunzlau
35%
Świdnica Schweidnitz
32%
Kudowa-Zdrój Bad Kudowa
29%
Złotoryja Goldberg
29%
Milicz Militsch
29%
Oława Ohlau
26%
Jelcz Jeltsch
24%
Lubań Lauban
24%
Strzegom Striegau
24%
Gryfów Śląski Greiffenberg
21%
Bystrzyca Kłodzka Habelschwerdt
21%
Kąty Wrocławskie Kanth
21%
Laskowice Laskowitz
21%
Wołów Wohlau
21%
Kamienna Góra Landeshut
18%
Nowa Ruda Neurode
18%
Dzierżoniów Reichenbach
18%
Kowary Schmiedeberg
18%
Strzelin Strehlen
18%
Trzebnica Trebnitz
18%
Sobótka Zobten
18%
Świebodzice Freiburg
15%
Góra Guhrau
15%
Jawor Jauer
15%
Oleśnica Ols
15%
Polkowice Polkwitz
15%
Brzeg Dolny Dyhernfurth
12%
Twardogóra Festenberg
12%
Boguszów Gottesberg
12%
Chojnów Haynau
12%
Chocianów Kotzenau
12%
Bielawa Langenbielau
12%
Ziębice Munsterberg
12%
Środa Śląska Neumarkt
12%
Syców Gross Wartenberg
9%
Bogatynia Reichenau
9%
Szklarska Poręba Schreiberhau
9%
Pieszyce Peterswaldau
6%
Żarów Saarau
6%
Oborniki Śląskie Bad Obernigk
3%
Lwówek Śląski Lowenberg in Schlesien
3%
Gorce Rothenbach
3%
Nie znaleziono quizów pasujących do podanych kryteriów
Rozkład punktacji
Procent ludzi z każdym wynikiem
Percentyl według liczby udzielonych odpowiedzi
Twoja historia wyników
Nie rozwiązałeś tego quizu